[Event "Oslo Stjernens op B"]
[Site "Oslo"]
[Date "2016.03.11"]
[Round "1"]
[White "Aavik, Jakob"]
[Black "Jacobsen, Astrid Sofia"]
[Result "1-0"]
[WhiteElo "1775"]
[BlackElo "1416"]
[PlyCount "48"]
[EventDate "2016.03.11"]
[EventType "swiss"]
[EventRounds "5"]
[EventCountry "NOR"]
[SourceTitle "EXT 2023"]
[Source "ChessBase"]
[SourceDate "2022.10.05"]
[SourceVersion "1"]
[SourceVersionDate "2022.10.05"]
[SourceQuality "1"]

1. e4 c5 2. Nf3 e6 3. d4 cxd4 4. Nxd4 Nc6 5. Be3 Nf6 6. f3 Qc7 7. c4 a6 8. Nc3 Be7 9. Be2 b6 10. 0-0 Bb7 11. Qd2 0-0 12. Rfd1 Rad8 13. Rac1 Nxd4 14. Bxd4 Bc5 15. Na4 Qc6 16. Nxc5 bxc5 17. Bc3 d5 18. cxd5 exd5 19. Qg5 d4 20. Bxd4 Rxd4 21. Rxd4 Rc8 22. Qxc5 h6 23. Qxc6 Rxc6 24. Rxc6 Bxc6 1-0

[Event "Oslo Stjernens op"]
[Site "Oslo"]
[Date "2015.11.06"]
[Round "1"]
[White "Pena Riasco, Alexander"]
[Black "Jacobsen, Astrid Sofia"]
[Result "1-0"]
[WhiteElo "2092"]
[BlackElo "1083"]
[PlyCount "49"]
[EventDate "2015.11.06"]
[EventType "swiss"]
[EventRounds "5"]
[EventCountry "NOR"]
[SourceTitle "CBM 169 Extra"]
[Source "ChessBase"]
[SourceDate "2015.12.18"]
[SourceVersion "1"]
[SourceVersionDate "2015.12.18"]
[SourceQuality "1"]

1. e4 c6 2. d4 d5 3. Nc3 dxe4 4. Nxe4 Bf5 5. Ng3 Bg6 6. h4 h6 7. h5 Bh7 8. Nf3 Nd7 9. Bd3 Bxd3 10. Qxd3 Ngf6 11. Bd2 e6 12. 0-0-0 Qb6 13. Ne4 Nxe4 14. Qxe4 Nf6 15. Qe5 0-0-0 16. Ba5 Bd6 17. Bxb6 Bxe5 18. dxe5 axb6 19. exf6 gxf6 20. Rxd8+ Rxd8 21. Rh3 Rd5 22. Rg3 Rd7 23. Rg7 Rd5 24. Rxf7 Rxh5 25. Rxf6 1-0

[Event "Oslo Spring"]
[Site "Oslo"]
[Date "2015.02.23"]
[Round "3"]
[White "Jacobsen, Astrid Sofia"]
[Black "Bjornsen, Magnus"]
[Result "1-0"]
[WhiteElo "979"]
[BlackElo "879"]
[PlyCount "65"]
[EventDate "2015.01.05"]
[EventType "swiss"]
[EventRounds "11"]
[EventCountry "NOR"]
[SourceTitle "EXT 2024"]
[Source "ChessBase"]
[SourceDate "2023.10.10"]
[SourceVersion "1"]
[SourceVersionDate "2023.10.10"]
[SourceQuality "1"]

1. e4 d5 2. exd5 Qxd5 3. Nc3 Qa5 4. d4 c6 5. Nf3 Bf5 6. Bd2 e6 7. Be2 Nf6 8. 0-0 Nbd7 9. a3 Qc7 10. Rc1 Bd6 11. Bd3 Bxd3 12. cxd3 0-0 13. Nb5 cxb5 14. Rxc7 Bxc7 15. Bb4 Rfe8 16. Re1 Nd5 17. Qb3 a5 18. Bd2 b4 19. Qd1 bxa3 20. bxa3 a4 21. Ng5 h6 22. Nf3 Bd6 23. Ne5 Nxe5 24. dxe5 Bxa3 25. Qg4 Kf8 26. Ra1 Bb2 27. Rxa4 Rxa4 28. Qxa4 Bc3 29. Bxc3 Rc8 30. Qd7 Ne7 31. h3 g6 32. Bb4 Rc1+ 33. Kh2 1-0

[Event "Oslo Spring"]
[Site "Oslo"]
[Date "2015.01.19"]
[Round "2"]
[White "Kristoffersen, Trond Allum"]
[Black "Jacobsen, Astrid Sofia"]
[Result "0-1"]
[WhiteElo "863"]
[BlackElo "979"]
[PlyCount "108"]
[EventDate "2015.01.05"]
[EventType "swiss"]
[EventRounds "11"]
[EventCountry "NOR"]
[SourceTitle "EXT 2024"]
[Source "ChessBase"]
[SourceDate "2023.10.10"]
[SourceVersion "1"]
[SourceVersionDate "2023.10.10"]
[SourceQuality "1"]

1. e4 c5 2. d3 Nc6 3. Nf3 g6 4. c3 Bg7 5. d4 cxd4 6. cxd4 d6 7. d5 Ne5 8. Nxe5 Bxe5 9. Bb5+ Bd7 10. Bxd7+ Qxd7 11. Nc3 Bg7 12. 0-0 Nf6 13. h3 0-0 14. Bd2 Rac8 15. Rc1 Qd8 16. b4 Nd7 17. Ne2 Ne5 18. Qb3 Rc7 19. Rxc7 Qxc7 20. Rc1 Qb8 21. Be3 a6 22. f4 Nd7 23. a4 Rc8 24. Rxc8+ Qxc8 25. a5 Qc7 26. g4 h6 27. Kg2 b6 28. Bd4 bxa5 29. Bxg7 Kxg7 30. Qb2+ Kg8 31. bxa5 Qxa5 32. Qb7 Qb5 33. Qc8+ Nf8 34. Kf3 a5 35. Qc6 Qb3+ 36. Qc3 a4 37. Qxb3 axb3 38. Nc3 Nd7 39. Nb1 Nc5 40. Ke3 Kf8 41. Kd4 Ke8 42. e5 Kd8 43. f5 gxf5 44. gxf5 Kc7 45. e6 f6 46. Kc4 Kb6 47. Kb4 Ka6 48. h4 h5 49. Ka3 Ka5 50. Nd2 b2 51. Kxb2 Kb4 52. Nb1 Kc4 53. Nc3 Kd4 54. Ka3 Kxc3 0-1